000 00816nam a22002177a 4500
003 BUBTL
008 240210b ||||| |||| 00| 0 eng d
020 _a9788120335332
082 _a332.473/ Sh233m/ 2022
100 _95662
_aSharma, Meera
245 _aManagement of financial institutions :
_bwith emphasis on bank and risk management /
_c Meera Sharma
250 _a1st ed
260 _aDelhi :
_bPHI Learning Private Limited,
_cc2022
300 _axii, 320 p.:
_c24 cm.
500 _aIncludes Index
505 _aManagement of financial institutions, Depository financial institutions, Bank Products, Financial Statements and Performance Analysis, Risks Faced by Financial Intermediaries
650 0 _918
_aFinance
856 _k0
_l0
_yDownload
942 _2ddc
_cBK
999 _c7210
_d7210